000 01002nam a22002537i 4500
999 _c23459
_d23459
003 AR-CdUCM
008 260120b20202020 pe||||| |||| 00| 0 spa d
020 _a978-84-18703-52-2
040 _aMUNICIPALIDAD PROVINCIAL DEL CUSCO
_cBIBLIOTECA MUNICIPAL DEL CUSCO
041 _hspa
082 _aES / 868.3 /
_bB39
100 _aBell, Ed
_952028
245 _aCómo escribir una canción :
_b(incluso si nunca has escrito una y crees que eres malísimo) /
260 _aBarcelona-España :
_bReedbook, Ediciones
_c2020
300 _a338 páginas. :
_c24x17 cm.
505 _aEncuentra una gran idea para una acción -- Elige un gancho lirico -- Escribe la letra del estribillo -- Compon los acordes, la melodia -- Compón los acordes -- Añade un puente -- Y ahora qué
650 _aIdeas para componer
_952029
650 _aMelodía
_914101
650 _aEstrofa
_952030
650 _aAcordes
_952031
650 _aAñade un puente
_952032
942 _2ddc
_cLIBROS
945 _apbjr
_d20-01-2026